All Pusha T Songs - Statistics

General Stats
  • This quiz has been taken 87 times
    77 since last reset
  • The average score is 20 of 80
Answer Stats
Album Song % Correct
Daytona What Would Meek Do?
74%
Daytona If You Know You Know
71%
Daytona Infrared
71%
Daytona Hard Piano
69%
Daytona Santeria
64%
It's Almost Dry Diet Coke
63%
Daytona The Games We Play
63%
It's Almost Dry Neck & Wrist
61%
It's Almost Dry Brambleton
60%
It's Almost Dry Dreamin of the Past
60%
Kanye West Presents: Good Music - Cruel Summer Mercy
60%
My Name Is My Name Nosetalgia
60%
It's Almost Dry Rock N Roll
53%
It's Almost Dry Scrape It Off
53%
Kanye West Presents: Good Music - Cruel Summer New God Flow
50%
Daytona Come Back Baby
47%
It's Almost Dry Let the Smokers Shine the Coupes
46%
Fear of God II: Let Us Pray Trouble On My Mind
44%
My Name Is My Name King Push
43%
It's Almost Dry I Pray for You
41%
My Name Is My Name Numbers on the Boards
41%
It's Almost Dry Open Air
41%
Fear of God Intro
39%
Wrath of Caine Intro
39%
King Push - Darkest Before Dawn: The Prelude Intro
39%
It's Almost Dry Hear Me Clearly
37%
Single #2 Drug Dealers Anonymous
34%
It's Almost Dry Just So You Remember
33%
It's Almost Dry Call My Bluff
31%
My Name Is My Name S.N.I.T.C.H.
30%
King Push - Darkest Before Dawn: The Prelude M.P.A.
29%
King Push - Darkest Before Dawn: The Prelude Untouchable
26%
My Name Is My Name 40 Acres
21%
My Name Is My Name Pain
21%
My Name Is My Name Sweet Serenade
21%
Fear of God Alone in Vegas
20%
King Push - Darkest Before Dawn: The Prelude Crutches, Crosses, Caskets
20%
King Push - Darkest Before Dawn: The Prelude F.I.F.A.
20%
Single #6 Coming Home
17%
My Name Is My Name Suicide
17%
My Name Is My Name Hold On
16%
King Push - Darkest Before Dawn: The Prelude M.F.T.R.
16%
Fear of God My God
16%
My Name Is My Name Who I Am
16%
My Name Is My Name Let Me Love You
14%
Single #5 Sociopath
13%
King Push - Darkest Before Dawn: The Prelude Sunshine
13%
My Name Is My Name No Regrets
11%
Fear of God Raid
11%
King Push - Darkest Before Dawn: The Prelude Got Em Covered
10%
Single #3 H.G.T.V. Freestyle
10%
King Push - Darkest Before Dawn: The Prelude Keep Dealing
10%
Single Lunch Money
10%
Fear of God II: Let Us Pray Amen
9%
Fear of God II: Let Us Pray Changing of the Guards
9%
Wrath of Caine Millions
9%
Fear of God Money on My Mind (Freestyle)
9%
King Push - Darkest Before Dawn: The Prelude Retribution
9%
Fear of God II: Let Us Pray What Dreams Are Made Of
7%
Fear of God II: Let Us Pray Body Work
6%
Single #4 Circles
4%
Fear of God Cook It Down (Freestyle)
4%
Wrath of Caine I Am Forgiven
4%
Fear of God I Still Wanna
4%
Wrath of Caine Only You Can Tell It
4%
Wrath of Caine Road Runner
4%
Fear of God II: Let Us Pray So Obvious
4%
Wrath of Caine Blocka
3%
Fear of God Blow (Freestyle)
3%
Fear of God Can I Live (Freestyle)
3%
Wrath of Caine Doesn't Matter
3%
Fear of God II: Let Us Pray Everything That Glitters
3%
Fear of God Feeling Myself
3%
Fear of God Open Your Eyes
3%
Wrath of Caine Re-Up Gang Motivation
3%
Wrath of Caine Revolution
3%
Fear of God Speakers Going Hammer (Freestyle)
3%
Wrath of Caine Take My Life
3%
Fear of God Touch It
3%
Wrath of Caine Trust You
3%
No matching quizzes found
Score Distribution
Percent of People with Each Score
Percentile by Number Answered
Your Score History
You have not taken this quiz since the last reset